000 00258nam a2200109Ia 4500
008 240625s9999 xx 000 0 und d
041 _aeng
082 _a004 TUR
100 _aTURBAN EFRAIM
245 _aINTRODUCTION TO INFORMATION TECHNOLOGY
260 _c2009
999 _c40397
_d40397